Statistics for Out Of My Limit - 5 Seconds of Summer (All Lyrics)

Click here to take the quiz!

General Stats

  • This quiz has been taken 157 times
  • The average score is 198 of 216

Answer Stats

OOML% Correct
a
99%
bit
99%
I
99%
just
99%
limit
99%
little
99%
my
99%
of
99%
out
99%
the
98%
you
98%
And
97%
and
97%
be
97%
in
97%
me
97%
No
97%
two
97%
ChorusYou're
97%
been
96%
it
96%
It's
96%
it's
96%
now
96%
to
96%
To
96%
years
96%
best
95%
even
95%
seen
95%
we
95%
let
94%
Haven't
93%
Who
93%
over
92%
this
92%
times
92%
mind
91%
start
91%
that
91%
thousand
91%
win
91%
Verse 1 | Verse 2Back
90%
guy
90%
high
90%
Let's
90%
school
90%
take
90%
almost
89%
never
89%
used
89%
doesn't
88%
get
88%
I've
88%
on
88%
slow
88%
wanna
88%
go
87%
more
86%
But
85%
heel
85%
make
84%
taste
84%
up
84%
having
83%
plans
83%
prize
82%
Red
82%
stilettos
82%
Pre-ChorusCause
81%
lipstick
81%
Had
79%
job
79%
downtown
78%
chase
76%
working
75%
couldn't
73%
ends
71%
one
71%
servo
69%
day
68%
waiting
64%
Called
63%
split
63%
line
62%
meet
59%

Score Distribution

Percentile by Number Answered

Percent of People with Each Score

Your Score History

You have not taken this quiz